=LDR 00000nam 2200000 4500 =001 INLIS000000000024511 =005 20200813104847 =035 ##$$a 0010-061300000024511 =008 200813################g##########0#ind## =041 ##$$a Ind =082 ##$$a 2X9.8 =090 ##$$a 2X9.8, Kha j =100 1#$$a Khalid, Khalid Muh =245 1#$$a Jagoan quraisy yang berbalik menjadi pembela islam yang gigih, /$c Khalid Muh Khalid =260 ##$$a Bandung :$b cv. Diponegoro,$c 1994 =300 ##$$a 88 hlm, ; $c 11 x 18 cm =650 #4$$a Tokoh islam =850 ##$$a NBPNMAT =084 ##$$a 2X9.8 KHA j =250 ##$$a cet.1 =990 ##$$a 00044466 =990 ##$$a 00044467 =990 ##$$a 00044468